Kenmerkerlijk eten in een land - Statistieken

Algemene statistieken
  • Deze quiz is 69 keer genomen
  • De gemiddelde score is 10 van 16
Antwoordstatistieken
Foto Antwoord % Correct
Japan
100%
Nederland
98%
Italie
96%
China
86%
Duitsland
86%
Frankrijk
77%
Spanje
77%
Amerika
61%
Turkije
61%
Marokko
59%
India
46%
Thailand
43%
Griekenland
36%
Canada
25%
Schotland
20%
Nigeria
4%
Geen overeenkomende quizzen gevonden
Scoreverdeling
Procent van Mensen met Elke Score
Percentiel versus Aantal Correcte Antwoorden
Uw Scoregeschiedenis
U heeft deze quiz nog niet genomen